Two hearts, two minds /

Saved in:
Bibliographic Details
Main Author: Hayle, Felicity
Format: Book
Language:English
Published: London : Mills and Boon, 1973.
Subjects:
LEADER 00881cam a2200253 a 4500
001 c000109565
003 CARM
005 19710101000000.0
008 740315s1973 enk 000 1 eng d
015 |a B7406648 
019 1 |a 3530519  |5 LACONCORD2021 
020 |a 0263055264 :  |c L.1.00 
035 |a (OCoLC)16244850  |5 LACONCORD2021 
040 |a BNB  |b eng  |c BNB 
082 0 4 |a 823/.9/1  |2 18 
100 1 |a Hayle, Felicity. 
245 1 0 |a Two hearts, two minds /  |c by Felicity Hayle. 
260 |a London :  |b Mills and Boon,  |c 1973. 
300 |a 192 p. ;  |c 20cm. 
500 |a Fiction in English, 1900-. Texts (BNB/PRECIS) 
650 0 |a English fiction. 
852 8 |b CARM  |h A2:AJ22G0  |i A02354  |p 0157978  |f BK 
999 f f |i bff29373-08f0-59af-a6d2-561e29bf3be9  |s fa09bbd3-924d-52b6-9fe7-4cd61a8abec2 
952 f f |p Can circulate  |a CAVAL  |b CAVAL  |c CAVAL  |d CARM 1 Store  |e A02354  |f A2:AJ22G0  |h Other scheme  |i book  |m 0157978